Hodnotenie národných normalizačných organizácií
Výzva Rady Európy, aby národné normalizačné organizácie preskúmali možnosť vykonať dobrovoľné peer hodnotenie, ktoré by viedlo k neustálemu zlepšovaniu a výmene dobrej praxe. Pilotné peer hodnotenie v normalizačných organizáciách Rakúska, Francúzska, Luxemburska a Cypru. Schválené kritériá hodnoteni...
Enregistré dans:
| Auteur principal: | |
|---|---|
| Format: | Chapitre de livre |
| Langue: | slovaque |
| Sujets: | |
| Tags: |
Pas de tags, Soyez le premier à ajouter un tag!
|
MARC
| LEADER | 00000naa a2200000 4500 | ||
|---|---|---|---|
| 001 | 0143635 | ||
| 005 | 20230511071303.5 | ||
| 041 | 0 | |a slo | |
| 044 | |a SK | ||
| 245 | 1 | 0 | |a Hodnotenie národných normalizačných organizácií |c Ľubica Pernecká |
| 520 | |a Výzva Rady Európy, aby národné normalizačné organizácie preskúmali možnosť vykonať dobrovoľné peer hodnotenie, ktoré by viedlo k neustálemu zlepšovaniu a výmene dobrej praxe. Pilotné peer hodnotenie v normalizačných organizáciách Rakúska, Francúzska, Luxemburska a Cypru. Schválené kritériá hodnotenia: transparentnosť, otvorenosť a aspekt tvorby, nestrannosť a konsenzus, efektivita a opodstatnenosť, súvislosť, životaschopnosť a stabilita. | ||
| 610 | 2 | 0 | |a normalizácia |
| 610 | 2 | 0 | |a normalizácia technická |
| 610 | 2 | 0 | |a organizácie |
| 610 | 2 | 0 | |a transparentnosť |
| 610 | 2 | 0 | |a efektívnosť |
| 610 | 2 | 0 | |a normy technické |
| 100 | 1 | |a Pernecká, Ľubica | |